Statystyki dla Piłkarz do kraju #9

Kliknij tutaj aby rozwiązać quiz!

Ogólne statystyki

  • Ten quiz został rozwiązany 552 razy
  • Średni wynik to 15 z 18

Statystyki odpowiedzi

PiłkarzKraj% Poprawnych
Kylian MbappeFrancja
99%
Zlatan IbrahimovicSzwecja
99%
Arkadiusz MilikPolska
98%
Ivan RakitićChorwacja
96%
Zinedine ZidaneFrancja
95%
Thorgan HazardBelgia
94%
KakáBrazylia
94%
Thiago CionekPolska
94%
Robin van PersieHolandia
92%
Shinji KagawaJaponia
91%
Luís FigoPortugalia
91%
Roberto ManciniWlochy
90%
Claudio BravoChile
85%
Karel PoborskýCzechy
80%
Samuel Eto'oKamerun
77%
Victor MosesNigeria
73%
Ryan BabelHolandia
54%
Syam Ben YoussefTunezja
36%

Rozkład punktacji

Percentyl według liczby udzielonych odpowiedzi

Procent ludzi z każdym wynikiem

Twoja historia wyników

Nie rozwiązałeś tego quizu